|
|
|
|
| LEADER |
00000nam a22000007a 4500 |
| 005 |
20160620135726.0 |
| 007 |
cr|||| ||u| |
| 008 |
160620s2016 mx ||||| |||| 00||0 spa d |
| 020 |
|
|
|a 978-607-406-790-3
|
| 035 |
|
|
|a 14291
|
| 040 |
|
|
|a vLex servicio en linea
|
| 090 |
|
|
|c 6193
|d 6193
|
| 100 |
1 |
|
|a Nę︢z Hernǹdez, Marco Antonio
|
| 245 |
1 |
0 |
|a Casos prc̀ticos sobre la clasificacin̤ arancelaria de las mercanca̕s 2016
|h [Recurso electronico] /
|c Marco Antonio Nę︢z Hernǹdez
|
| 256 |
|
|
|a Servicio en linea
|
| 260 |
|
|
|a Mexico
|b Ediciones Fiscales ISEF
|c 2016
|
| 300 |
|
|
|a 1 recurso electronico
|
| 500 |
|
|
|a Este libro es una herramienta de consulta y de uso fc̀il que le ayudar ̀a coadyuvar en el correcto desempeǫ de sus actividades de comercializacin̤ internacional.
|
| 506 |
1 |
|
|a Contenidosolo disponible en los productos indiacdos
|d vLex Global
|d vLex Global (Academic Edition, excluding Law Schools)
|d vLex Global (U.S. Academic Edition, Law Schools)
|d vLex Global (U.S. Academic Edition, excluding Law Schools)
|d vLex Global (Academic Edition, Law Schools)
|
| 650 |
0 |
4 |
|a Derecho
|b Mexico
|
| 740 |
0 |
|
|a vLex libro (servicio en linea)
|
| 856 |
4 |
0 |
|u http://vlex.com/source/casos-practicos-sobre-la-clasificacion-arancelaria-de-las-mercancias-2016-14291
|z Acceso restringido
|
| 942 |
|
|
|c BOOK
|
| 999 |
0 |
|
|a Law
|b Mexico
|